Mis recuerdos : (Record no. 22209)
[ view plain ]
| 000 -LEADER | |
|---|---|
| campo de control de longitud fija | 01344nam a2200325 i 4500 |
| 001 - NÚMERO DE CONTROL | |
| campo de control | 22209 |
| 003 - IDENTIFICADOR DE NÚMERO DE CONTROL | |
| campo de control | ES-MaACL |
| 005 - FECHA Y HORA DE LA ÚLTIMA TRANSACCIÓN | |
| campo de control | 20250721063430.0 |
| 007 - CAMPO FIJO DE DESCRIPCIÓN FÍSICA--INFORMACIÓN GENERAL | |
| campo de control de longitud fija | t| |
| 008 - DATOS DE LONGITUD FIJA--INFORMACIÓN GENERAL | |
| campo de control de longitud fija | 021129s1986 sp ||||1| spa d |
| 017 ## - NÚMERO DE COPYRIGHT O DE DEPÓSITO LEGAL | |
| Número de copyright o de depósito legal | M 42309-1986 |
| Agencia que asigna | Oficina Depósito Legal Madrid |
| 020 ## - NÚMERO INTERNACIONAL ESTÁNDAR DEL LIBRO | |
| Número Internacional Estándar del Libro | 8439880448 |
| 040 ## - FUENTE DE CATALOGACIÓN | |
| Centro/agencia transcriptor | ES-MaACL |
| 080 ## - NÚMERO DE LA CLASIFICACIÓN DECIMAL UNIVERSAL | |
| Número de la Clasificación Decimal Universal | 929 Alfonso, Eduardo |
| 100 1# - ENTRADA PRINCIPAL--NOMBRE DE PERSONA | |
| Nombre de persona | Alfonso, Eduardo, |
| Fechas asociadas al nombre | 1896-1991 |
| Término indicativo de función/relación | Autor |
| 9 (RLIN) | 19848 |
| 245 10 - MENCIÓN DEL TÍTULO | |
| Título | Mis recuerdos : |
| Resto del título | Mi nacimiento, bautismo, infancia, juventud, educación, estudios, obras, aventuras, desventuras, audacias, temeridades, vejez, filosofía, testamento y postrimerías / |
| Mención de responsabilidad, etc. | Eduardo Alfonso y Hernán. |
| 260 ## - PUBLICACIÓN, DISTRIBUCIÓN, ETC. | |
| Lugar de publicación, distribución, etc. | Madrid : |
| Nombre del editor, distribuidor, etc. | El autor, |
| Fecha de publicación, distribución, etc. | 1986. |
| 300 ## - DESCRIPCIÓN FÍSICA | |
| Extensión | 199 p. : |
| Otras características físicas | il. ; |
| Dimensiones | 22 cm. |
| 490 1# - MENCIÓN DE SERIE | |
| Mención de serie | Colección Sagitario |
| 600 14 - PUNTO DE ACCESO ADICIONAL DE MATERIA--NOMBRE DE PERSONA | |
| Nombre de persona | Alfonso, Eduardo, |
| Fechas asociadas al nombre | 1896-1991 |
| 9 (RLIN) | 19848 |
| 650 #4 - PUNTO DE ACCESO ADICIONAL DE MATERIA--TÉRMINO DE MATERIA | |
| 9 (RLIN) | 10574 |
| Término de materia o nombre geográfico como elemento de entrada | Biografías |
| 830 0# - PUNTO DE ACCESO ADICIONAL DE SERIE-TÍTULO UNIFORME | |
| Título uniforme | Colección Sagitario |
| 9 (RLIN) | 226075 |
| 852 ## - LOCALIZACIÓN | |
| Ubicación | ES-MaACL |
| Número de control de estantería | L-11900 |
| Sublocalización o colección | R.113110 |
| itemnumber | 23016 |
| Ubicación en estantería | Depósito 2 |
| Encuadernación | Encaudernación rústica con solapas |
| 852 ## - LOCALIZACIÓN | |
| Ubicación | ES-MaACL |
| Número de control de estantería | L-11899 |
| Sublocalización o colección | R.113167 |
| itemnumber | 23015 |
| Ubicación en estantería | Depósito 2 |
| Anotaciones manuscritas | Dedicatoria autógrafa del autor |
| Donativo/Legado | Donación: Eduardo Alfonso y Hernán |
| Encuadernación | Encaudernación rústica con solapas |
| 903 ## - NOMBRE PERSONAL DE DONANTE | |
| a | Alfonso, Eduardo, |
| d | 1896-1991 |
| e | Donante |
| 9 | 19848 |
| 942 ## - ELEMENTOS DE ENTRADA SECUNDARIOS (KOHA) | |
| Tipo de ítem Koha | Libro impreso |
| Suprimir en OPAC | No |
| Estatus retirado | Estado de pérdida | Fuente del sistema de clasificación o colocación | Estado de daño | No para préstamo | Colección | Biblioteca de origen | Biblioteca actual | Ubicación en estantería | Fecha de adquisición | Total de préstamos | Signatura topográfica completa | Código de barras | Visto por última vez | Precio de reemplazo | Tipo de ítem Koha | Fuente de adquisición |
|---|---|---|---|---|---|---|---|---|---|---|---|---|---|---|---|---|
| Clasificación decimal universal | Libros con dedicatorias | Biblioteca del Ateneo de Madrid | Biblioteca del Ateneo de Madrid | Depósito 2 | 17/01/2008 | L-11899 | 1022859 | 23/02/2023 | 23/02/2023 | Libro impreso | ||||||
| Biblioteca del Ateneo de Madrid | Biblioteca del Ateneo de Madrid | Depósito 2 | 17/01/2008 | L-11900 | 1022858 | 23/02/2023 | 23/02/2023 | Libro impreso |
